000 00631cam a22002173a 4500
001 42285
003 PGUSA
005 20140828083944.0
008 130309s2013||||xxu|||||s|||||000 | eng d
040 _aPGUSA
_beng
042 _adc
100 1 _aJames, George Wharton,
_d1858-1923
245 1 4 _aThe Story of Scraggles
_h[electronic resource] /
_cGeorge Wharton James
260 _bProject Gutenberg,
_c2013
506 _aPublic domain in the USA.
516 _aElectronic text
700 1 _aGallagher, Sears,
_d1869-1955
830 0 _aProject Gutenberg
_v42285
856 4 0 _uhttp://www.gutenberg.org/ebooks/42285
942 _cEB
999 _c271537
_d271537